000 00634nam a2200229Ia 4500
003 OSt
005 20220923230457.0
006 a|||||r|||| 00| 0
007 ta
008 220922b |||||||| |||| 00| 0 pan d
024 _a282,404
037 _cTextual
040 _aARTS
_cARTS
_bpan
041 _2pan
_apan
082 _aO153,3N56x, L9
100 _aਗਿੱਲ, ਨਿੰਦਰ
245 0 _aਇਨ ਸਾਈਡ ਆਊਟ ਸਾਈਡ
260 _c1979
650 _aਪੰਜਾਬੀ ਸਾਹਿਤ
942 _hO153,3N56x, L9
_cTEXL
_2CC
999 _c385117
_d385117